Normal view
MARC view
- Hunting
Entry Topical Term
001 - CONTROL NUMBER
- control field: 50596
003 - CONTROL NUMBER IDENTIFIER
- control field: NUST
005 - DATE AND TIME OF LATEST TRANSACTION
- control field: 20210314134704.0
008 - FIXED-LENGTH DATA ELEMENTS
- fixed length control field: 210314|| aca||aabn | a|a d
040 ## - CATALOGING SOURCE
- Original cataloging agency: NUST
- Transcribing agency: NUST
150 ## - HEADING--TOPICAL TERM
- Topical term or geographic name entry element: Hunting
- Geographic subdivision: Asia, Central
670 ## - SOURCE DATA FOUND
- Source citation: Work cat.: (NUST): Etherton, P. T. 50595, Across the roof of the world, 1911.
